00493nam a22001457a 4500003000400000005001700004008004100021040001100062041001200073100005000085245008000135260005300215650002200268856005700290OSt20260224092541.0260224b |||||||| |||| 00| 0 eng d cMRSPTU aEnglish aAbhishek Goel, Supervisor: Dr. Manjeet Bansal aAnalysis and Management of Waste Plastic Bottles in the Cantonment of Assam bDepartment of Civil Engg. MRSPTU, Bathindac2017 aCivil Engineering uhttp://163.47.215.52:8080/jspui/handle/123456789/433